000 01617cam a2200445 a 4500
001 735728
003 OSt
005 20230622153349.0
008 980217s1998 onca bs f000 0 eng d
010 _a 98191018
015 _aC98-700620-7E
020 _a0662633156
035 _a(OCoLC)38758599
040 _aCaOONL
_beng
_cCaOONL
_dDLC
041 0 _aengfre
042 _alccopycat
043 _an-cn---
050 0 0 _aJL111.S3
_bC225 1998
055 0 2 _aJL111*
055 0 3 _aCOP.CA.2.1998-414
082 0 0 _a325.71/0733
_221
_bCOM
086 1 _aDSS Cat. no. CP 32-61/1997
110 1 _aCanada.
_bCommission to Review Allowances of Members of Parliament (1997-1998)
245 1 0 _aSupporting democracy /
_cCommission to Review Allowances of Members of Parliament.
246 1 5 _aAu service de la démocratie
260 _a[Ottawa] :
_bThe Commission,
_cc1998.
300 _a2 v. :
_bill. ;
_c23 cm.
500 _aDistributed by the Government of Canada Depository Services Program.
500 _aJean-Jacques Blais, chairperson.
504 _aIncludes bibliographical references.
505 0 _aVol. 1. Commissioners' report -- v. 2. Research papers.
546 _aEnglish and French; French text on inverted pages.
610 1 0 _aCanada.
_bParliament
_xSalaries, etc.
650 0 _aLegislators
_xSalaries, etc.
_zCanada.
650 0 _aCabinet officers
_xSalaries, etc.
_zCanada.
700 1 _aBlais, Jean-Jacques,
_d1940-
906 _a7
_bcbc
_ccopycat
_d3
_encip
_f19
_gy-gencatlg
942 _2ddc
_cBK
999 _c2364
_d2364